ARRUPE JESUIT UNIVERSITY

CORONAVIRUS -STOP THE SPREAD - CLEAN,DISINFECT,COVER

One and a half centuries of the university in Nigeria, 1868-2011 : (Record no. 124775)

MARC details
000 -LEADER
fixed length control field 00910cam a2200289Ma 4500
001 - CONTROL NUMBER
control field 10096690
003 - CONTROL NUMBER IDENTIFIER
control field ARRUPE
005 - DATE AND TIME OF LATEST TRANSACTION
control field 20160503093113.0
008 - FIXED-LENGTH DATA ELEMENTS--GENERAL INFORMATION
fixed length control field 121106s2012 gau b 001 0 eng d
020 ## - INTERNATIONAL STANDARD BOOK NUMBER
International Standard Book Number 0984883606
020 ## - INTERNATIONAL STANDARD BOOK NUMBER
International Standard Book Number 9780984883608
024 ## - OTHER STANDARD IDENTIFIER
Standard number or code 99951196365
035 ## - SYSTEM CONTROL NUMBER
System control number (OCoLC)ocn816282219
035 ## - SYSTEM CONTROL NUMBER
System control number (OCoLC)816282219
035 ## - SYSTEM CONTROL NUMBER
System control number (NNC)10096690
040 ## - CATALOGING SOURCE
Original cataloging agency YDXCP
Transcribing agency YDXCP
Modifying agency BTCTA
-- EAU
050 #4 - LIBRARY OF CONGRESS CALL NUMBER
Classification number LG481.O41
300 ## - PHYSICAL DESCRIPTION
Dimensions 21 cm.
100 1# - MAIN ENTRY--PERSONAL NAME
Personal name Okafor, Nduka.
9 (RLIN) 24276
245 00 - TITLE STATEMENT
Title One and a half centuries of the university in Nigeria, 1868-2011 :
Remainder of title a historical account /
Statement of responsibility, etc Nduka Okafor.
260 ## - PUBLICATION, DISTRIBUTION, ETC. (IMPRINT)
Place of publication, distribution, etc Atlanta, GA :
Name of publisher, distributor, etc Progress Publishing,
Date of publication, distribution, etc c2012.
300 ## - PHYSICAL DESCRIPTION
Extent viii, 401 p.;
504 ## - BIBLIOGRAPHY, ETC. NOTE
Bibliography, etc Includes bibliographical references and index.
650 #0 - SUBJECT ADDED ENTRY--TOPICAL TERM
Topical term or geographic name as entry element Universities and colleges
Geographic subdivision Nigeria
General subdivision History.
9 (RLIN) 24277
942 ## - ADDED ENTRY ELEMENTS (KOHA)
Source of classification or shelving scheme Library of Congress Classification
Koha item type Monograph ( Printed materials)
948 1# - LOCAL PROCESSING INFORMATION (OCLC); SERIES PART DESIGNATOR (RLIN)
Series part designator, SPT (RLIN) 20130109
b (OCLC) c
c (OCLC) sl13
d (OCLC) MPS
Holdings
Withdrawn status Lost status Source of classification or shelving scheme Damaged status Not for loan Collection code Home library Current library Shelving location Date acquired Total Checkouts Full call number Barcode Date last seen Price effective from Koha item type
    Library of Congress Classification     Main Collection ARRUPE LIBRARY ARRUPE LIBRARY Main Collection 03/05/2016   LG481.O41 46500006404 29/06/2018 03/05/2016 Monograph ( Printed materials)

 

Arrupe Library. PO Box MP320 Mt Pleasant, Harare, Zimbabwe
263 242 745411|librarian@aju.ac.zw